|
|
|
|
| LEADER |
00000cam a22000004a 4500 |
| 001 |
musev2_73403 |
| 003 |
MdBmJHUP |
| 005 |
20230905051558.0 |
| 006 |
m o d |
| 007 |
cr||||||||nn|n |
| 008 |
190214t20192019nyu o 00 0 eng d |
| 020 |
|
|
|a 9781787444225
|
| 020 |
|
|
|z 9781580469012
|
| 035 |
|
|
|a (OCoLC)1146256725
|
| 040 |
|
|
|a MdBmJHUP
|c MdBmJHUP
|
| 100 |
1 |
|
|a Butler, Margaret Ruth,
|d 1966-
|e author.
|
| 245 |
1 |
0 |
|a Musical Theater in Eighteenth-Century Parma :
|b Entertainment, Sovereignty, Reform /
|c Margaret R. Butler.
|
| 264 |
|
1 |
|a Rochester, NY :
|b University of Rochester Press,
|c [2019]
|
| 264 |
|
3 |
|a Baltimore, Md. :
|b Project MUSE,
|c 2020
|
| 264 |
|
4 |
|c ©[2019]
|
| 300 |
|
|
|a 1 online resource (196 pages):
|b illustrations
|
| 336 |
|
|
|a text
|b txt
|2 rdacontent
|
| 337 |
|
|
|a computer
|b c
|2 rdamedia
|
| 338 |
|
|
|a online resource
|b cr
|2 rdacarrier
|
| 490 |
0 |
|
|a Eastman studies in music,
|x 1071-9989
|
| 505 |
0 |
|
|a Introduction: the genre problem: reform as continuum and brand -- The genesis of Parma's projet -- Behind the scenes: production and management at the Teatro ducale -- The French entertainments: creation, publicity, propaganda -- Moving on while looking back: Traetta's first Parma operas -- The end of the end of reform: the wedding, the French ambassador's opera -- Traetta's departure -- Conclusion: reform revisited -- Appendix: general chronology.
|
| 520 |
|
|
|a How do you create a style of opera that speaks to everyone, when no one agrees on what it should say -- or how?
|
| 588 |
|
|
|a Description based on print version record.
|
| 600 |
1 |
7 |
|a Traetta, Tommaso,
|d 1727-1779.
|2 fast
|0 (OCoLC)fst00119746
|
| 600 |
1 |
0 |
|a Traetta, Tommaso,
|d 1727-1779.
|
| 650 |
|
7 |
|a Opera.
|2 fast
|0 (OCoLC)fst01046145
|
| 650 |
|
7 |
|a DRAMA
|x European
|x Italian.
|2 bisacsh
|
| 650 |
|
7 |
|a MUSIC
|x Printed Music
|x Vocal.
|2 bisacsh
|
| 650 |
|
7 |
|a MUSIC
|x Lyrics.
|2 bisacsh
|
| 650 |
|
7 |
|a MUSIC
|x Instruction & Study
|x Voice.
|2 bisacsh
|
| 650 |
|
0 |
|a Opera
|z Italy
|z Parma
|y 18th century.
|
| 651 |
|
7 |
|a Italy
|z Parma.
|2 fast
|0 (OCoLC)fst01204569
|
| 655 |
|
7 |
|a Electronic books.
|2 local
|
| 710 |
2 |
|
|a Project Muse.
|e distributor
|
| 830 |
|
0 |
|a Book collections on Project MUSE.
|
| 856 |
4 |
0 |
|z Texto completo
|u https://projectmuse.uam.elogim.com/book/73403/
|
| 945 |
|
|
|a Project MUSE - Custom Collection
|